Musique avec un prénom dans le titre - Statistiques

Statistiques générales
  • Ce quiz a été pris 106 fois
    75 depuis la dernière actualisation
  • Le résultat moyen est 8 sur 40
Statistiques - réponses
Auteur Chanson % Correct
Johnny Hallyday Marie
77%
Christophe Aline
52%
MC Solaar Caroline
52%
Pascal Obispo Lucie
44%
Johnny Hallyday Laura
40%
Superbus Lola
40%
Khaled Aïcha
39%
Roch Voisine Hélène
39%
Louise Attaque Léa
37%
Vanessa Paradis Joe le Taxi
35%
Johnny Hallyday Gabrielle
32%
Claude François Alexandrie Alexandra
31%
Claude François Bélinda
29%
Julie Pietri Ève Lève-toi
29%
Alizée Moi Lolita
27%
La Petite Culotte La Goffa Lolita
24%
Dany Brilliant Suzette
23%
Michel Berger Diego Libre dans sa Tête
21%
Julien Clerc Mélissa
19%
Carla Bruni Raphaël
19%
Christine and the Queens Christine
16%
Hugues Aufray Céline
13%
Joe Dassin Dans Les Yeux d'Émilie
13%
Serge Gainsbourg Élisa
13%
Michel Polnareff Goodbye Marylou
13%
Hervé Cristiani Il est Libre Max
10%
Jeanne Mas Johnny Johnny
10%
Teri Moïse Les Poèmes de Michelle
8%
Alain Bashung Osez Joséphine
8%
Les Wampas Manu Chao
5%
Antoine Les Élucubrations d'Antoine
3%
Julien Clerc Lili voulait aller danser
3%
Bénabar Maritie et Gilbert Carpentier
3%
Eddy Mitchell Alice
2%
Michel Delpech Chez Laurette
2%
Nolwenn Leroy Nolwenn Owho
2%
MC Solaar Da Vinci Claude
0%
Alain Souchon La Ballade de Jim
0%
Boby Lapointe Ta Katie t'as Quitté
0%
Luna Parker Tes États d'Âmes Éric
0%
Aucun quiz correspondant
Distribution des résultats
% des personnes avec chaque résultat
Percentile par nombre de réponses
Votre historique - résultats
Vous n’avez pas pris ce quiz depuis la dernière actualisation